000 00480nam a22001817a 4500
005 20140610124015.0
010 _aENG-110151
020 _a9788184302110
_c200.00
035 _aEN-93683
037 _bDBAD/PUB
082 _a170
100 _aJain, R.P.
245 _aChanakya Neeti /
_cby R.P. Jain
260 _aNew Delhi
_bOcean Books
_c2013
270 _a4/19 Asaf Ali Road
_bNew Delhi
_e110002
300 _a152p.
_c22cm(Hb)
942 _2ddc
_cEN
_mCHA
_h170
999 _c84876
_d84876